000 00663 a2200217 4500
003 0000
005 20260410121354.0
020 _a978978 7830154
040 _erda
050 _aPN 1990
_b.C66 2023
100 _4Editor
_a Ekeanyanwu, Nnamdi .T
245 _aCommunication Science and Technology in a Changing Era in Nigeria/
_c Nnamdi .T Ekeanyanwu
264 _aCalabar
_bAfrican Council for Communication Education
_c2023
300 _axii, 250P.
336 _2rdacontent
338 _2rdacarrier
500 _aIncludes Index and References
700 _4Editor
_aBashir, Abdullahi .S
700 _4Editor
_aAsemah, Ezekiel .S
942 _2lcc
_cBK
999 _c44300
_d44300